El aprendizaje de la lectura en los niños sordos
Furkejuvvon:
| Váldodahkki: | |
|---|---|
| Materiálatiipa: | Girji |
| Giella: | espánnjágiella |
| Almmustuhtton: |
Salamanca
Universidad Pontificia de Salamanca
1994
|
| Fáttát: | |
| Fáddágilkorat: |
Lasit fáddágilkoriid
Eai fáddágilkorat, Lasit vuosttaš fáddágilkora!
|
MARC
| LEADER | 00000nam a2200000 a 4500 | ||
|---|---|---|---|
| 001 | UCY5570 | ||
| 003 | CL-VaPUC | ||
| 008 | 950511e19940000SP |||||||||||||||||spa|d | ||
| 082 | 0 | 4 | |a 371.912 |b DOM |2 21 |
| 100 | 0 | |a Domínguez Gutierrez, Ana Belén |e author |9 334477 | |
| 245 | 1 | 3 | |a El aprendizaje de la lectura en los niños sordos |
| 246 | 1 | 4 | |a Una revisión del estado actual de la investigación |
| 300 | |a 63 p | ||
| 942 | |c BK | ||
| 945 | |d 19950511 00:00:00 |a rbrito | ||
| 260 | |a Salamanca |b Universidad Pontificia de Salamanca |c 1994 | ||
| 650 | 0 | |a Educación de sordos |9 308353 | |
| 650 | 7 | |a SORDERA |2 CL-VaPUC |9 311920 | |
| 650 | 7 | |a SORDO |2 CL-VaPUC |9 334478 | |
| 650 | 0 | |a Educación especial |9 307486 | |
| 583 | |a last modification |c 19950511 00:00:00 |k Rodrigo Vera | ||
| 999 | |c 233211 |d 233209 | ||
| 952 | |0 0 |1 0 |4 0 |6 371_912000000000000_DOM_1994 |7 0 |8 P |9 238538 |a BIBEDU |b BIBEDU |c BIBEDU_PB |d 2019-11-18 |i 308499K |o 371.912 DOM 1994 |p 308499K |r 2024-01-25 |w 2019-11-18 |y BK |k EDU | ||